00392pab a2200145 454500008004000000100002100040245006700061260000900128300001400137362000800151650001800159650001300177700002100190773003500211180718b2009 xxu||||| |||| 00| 0 eng d aAizenman, Joshua aGlobalisation and developing countries - a shrinking tax base? c2009 ap.653-71. aMay aGlobalization aTaxation aJinjarak, Yothin aJournal of Development Studies